000 00568nam a2200169Ia 4500
005 20250923145136.0
008 008 250917s9999 xx 000 0 eng d
037 _aTextual
040 _aDSWL
_beng
_cDSWL
041 _aeng
_2eng
084 _aT:3(YX)p51,N59, N60
_qDSWL
245 0 _aEducation & Training of social worker in Greece
_cby Curriculam Planning Seminar, Athens
260 _aGreece
_bCurriculam Planning Seminar, Athens
_c1959
300 _axii,146p.
942 _cTEXL
_hT:3(YX)p51,N59, N60
999 _c1447661
_d1447661